00549nam a22001697a 450000500170000001000150001702000260003203500140005803700130007208200160008510000160010124500950011726000310021227000830024330000270032670000260035320250825113005.0 aENG-146498 a9789349015593c895.00 aEN-130030 bDBAD/PUB a346.540325 aAvtar Singh aIntroduction to the Law of Torts and Consumer Protection/cAvtar Singh [and] Harpreet Kaur aGurgaonbLexis Nexisc2025 a14th Floor, Building No.10, Tower-B, DLF Cyber City, Phase-IIbGurgaone122002 alxxix, 477p.c24cm(pb) aHarpreet KaureAuthor